Camino a la calidad de las licenciaturas : estrategias curriculares para la mejora en competencias y resultados de la prueba Saber Pro /

Detalles Bibliográficos
Autor principal: Jaramillo Villegas, Paula Andrea (Autor)
Formato: Electrónico eBook
Lenguaje:español
Publicado: Bogotá D.C., Colombia : Corporación Universitaria Minuto de Dios - UNIMINUTO, [2019]
Materias:
Acceso en línea:Digitalia Hispánica

MARC

LEADER 00000nam a2200000Ii 4500
001 DIGCUMD0023
003 NyNyDIG
008 231118s2019 ck a ob 000 0 spa d
006 m o d
007 cr |||||||||||
035 |a (OCoLC)1410557310 
040 |a DGITA  |b eng  |e rda  |e pn  |c DGITA 
043 |a s-ck--- 
020 |z 9789587633528 
050 1 4 |a LA568 ebook 
100 1 |a Jaramillo Villegas, Paula Andrea,  |e author. 
245 1 0 |a Camino a la calidad de las licenciaturas :  |b estrategias curriculares para la mejora en competencias y resultados de la prueba Saber Pro /  |c Paula Andrea Jaramillo Villegas [and 4 others]. 
264 1 |a Bogotá D.C., Colombia :  |b Corporación Universitaria Minuto de Dios - UNIMINUTO,  |c [2019] 
300 |a 1 online resource :  |b illustrations. 
336 |a text  |b txt  |2 rdacontent 
337 |a computer  |b c  |2 rdamedia 
338 |a online resource  |b cr  |2 rdacarrier 
347 |a text file  |2 rdaft 
347 |b PDF 
504 |a Includes bibliographical references. 
588 0 |a Online resource; title from PDF title page (Digitalia, viewed November 18, 2023) 
650 0 |a Education, Higher  |x Aims and objectives  |z Colombia. 
650 0 |a Educational planning  |z Colombia. 
650 0 |a Curriculum planning  |z Colombia. 
650 0 |a Teachers  |x Training of  |z Colombia. 
776 0 8 |i Print version:  |a Jaramillo Villegas, Paula Andrea.  |t Camino a la calidad de las licenciaturas.  |b Primera edición.  |d Bogotá D.C., Colombia : Corporación Universitaria Minuto de Dios - UNIMINUTO, 2019  |z 9789587633528 
791 2 |a Digitalia (Firm),  |e distributor. 
793 0 |g Digitalia eBook Collection:  |a Corporación Universitaria Minuto de Dios 
856 4 0 |3 Digitalia Hispánica  |u https://www.digitaliapublishing.com/a/131624/ 
910 |a Premium collection: 2023